期刊信息 |
| 索取号 |
C96/RC
|
| 题名 |
人才
|
| 作者 |
该杂志社
|
| 分册号 |
|
| 分册名 |
|
| 出版地 |
北京
|
| 出版者 |
工人出版社
|
| 标准刊号 |
|
| 出版频率 |
月刊
|
| 中图法分类 |
C96
|
| 主题词 |
人才学
|
| 电子资源 | |
| |
|
| 000 | 01000nas002200349 45 | |
| 001 | 1196020613 | |
| 005 | 20070419145627.15 | |
| 011 | @d¥0.36(1983) | |
| 021 | @aCN@b京739 | |
| 092 | @aCN@b2-76@cM560 | |
| 100 | @a19930708b19811983em y0chiy0121 eb | |
| 101 | 0 | @achi |
| 102 | @aCN@b110000 | |
| 110 | @aafaz 0yu1 | |
| 200 | 1 | @a人才@AREN CAI@f该杂志社@FGAI ZA ZHI SHE |
| 207 | 0 | @a1981,no.1(1981,4)~1983,no.3(1983,3)=总1~24 |
| 210 | @a北京@c工人出版社@d1981~83 | |
| 215 | @a24no.@d26cm | |
| 300 | @a1981至1982年由人才杂志社出版 | |
| 321 | 0 | @a1982年no.12有累积索引@b1981~82 |
| 326 | @a月刊 | |
| 327 | 0 | @a人才问题讨论@a人才学论坛@a名家谈人才@a性格心理调查表@a青年成才之路 |
| 440 | 1 | @12001 @a自学 |
| 540 | 1 | @a人才@AREN CAI |
| 541 | 1 | @aTalented person@zeng |
| 606 | 0 | @a人才学 |
| 676 | @a658.3@v19 | |
| 690 | @aC96@v3 | |
| 690 | @aC96@v4 | |
| 711 | 02 | @a中国人才研究会@AZHONG GUO REN CAI YAN JIU HUI@4主办 |
| 801 | 0 | @aCN@bPFT@c20070419 |
| 905 | @a1@cQ@dC96@eRC | |
| 人才/该杂志社.-1981,no.1(1981,4)~1983,no.3(1983,3)=总1~24.-北京:工人出版社,1981~83 |
| 24no.;26cm |
| 1981至1982年由人才杂志社出版.-引用说明:1982年no.12有累积索引(1981~82).-由:继承 |
| 部分内容:人才问题讨论;人才学论坛;名家谈人才;性格心理调查表;青年成才之路 |
| ¥0.36(1983) |
| ● |
| 相关链接: |
|
|
|
|